000 00729nam a2200229Ia 4500
001 15847
003 GE_BSU
008 181216s||||||||xx |||||||||||||| ||und||
040 _cGE_BSU
080 _a821.353.1-1
100 _aხარაიშვილი, ავთანდილ
245 _aშემოდგომა კაკლის ხეზე
245 _bლექსები
245 _cრედ. ო.ჭელიძე. მხ. ა.თოდრია
260 _aთბილისი
260 _bმერანი
260 _c1974
300 _a46გვ. ; 16სმ
653 _aლექსები
653 _aშემოდგომა კაკლის ხეზე
942 _cBK
999 _c48944
_d48944